000 01807nam0a2200385 4500
001 RU\NLR\bibl\1715344
005 20260405110620.0
010 _a978-5-98652-335-4
021 _aRU
_b2010-90974
_96113
035 _a(NLR Aleph) 001706358
090 _a1252384
_c1252384
100 _a20101217d2011 |||y0rusy50 ca
101 0 _arus
102 _aRU
105 _aa |||||||||
200 1 _aЛондон
_eБиг-Бен и Тауэр. Театры и карнавалы. Парки и пабы. Дворцы и музеи. Прогулка по Темзе
_f[Виктория Бакир и др.
_gртв. ред.: Елена Гришина]
205 _aИзд. 4-е
210 _aМосква
_cВокруг света
_d2011 [т.е. 2010]
215 _a238 с.
_cил., цв. ил., портр., карт.
_d20
225 1 _aВокруг света
_eспутник путешественника, надежный и легкий на подъем
_fгл. ред. Александр Туров
_v271
300 _aКн. фактически издана в 2010 г.
320 _aАлф. указ.: с. 234-236
607 _aЛондон, город (Великобритания)
_jПутеводители
_91469350
_3RU\NLR\auth\66314865
607 _aЛондон, город (Великобритания)
_jПутеводители
_xАрхитектура
_91212616
_3RU\NLR\auth\66174052
686 _aД890(41Вл-2Л)я23
686 _aЩ113(4Вл)92Лондон я23
686 _aТ3(4Вл-2Л)я23
702 1 _4220
_8rus
_7ca
_aБакир
_bВ. А.
_gВиктория А.
_3RU\NLR\auth\7741758
_924706
702 1 _aГришина
_bЕ.
_gЕлена
_4340
801 0 _aRU
_bNLR
_c20101217
_gRCR
801 1 _aRU
_bNLR
_c20101217
942 _cBOOK
980 _aNB
980 _aNBR